Traduction en Anglais - Thème Sport - Statistiques

Statistiques générales
  • Ce quiz a été pris 47 fois
    21 depuis la dernière actualisation
  • Le résultat moyen est 59 sur 197
Statistiques - réponses
Français Anglais % Correct
Ballon Ball
86%
Basket-ball Basketball
86%
But Goal
86%
Badminton Badminton
79%
Buzzer Buzzer
79%
Champion Champion
79%
Carton rouge Red card
79%
Carton jaune Yellow card
79%
Ace (Tennis) Ace
71%
Baseball Baseball
71%
Corner Corner / Corner kick
71%
Danse Dance
71%
Avantage (Tennis) Advantage
64%
Entraîneur Coach
64%
Cricket Cricket
64%
Dunk Dunk
64%
Équipes Teams
64%
Compétition Competition
57%
Curling Curling
57%
Défaite Defeat / Loss
57%
Défense Defense
57%
Distance Distance
57%
Dribble Dribble
57%
Drapeau Flag
57%
Football Football/Soccer
57%
Jeu Game
57%
Handball Handball
57%
À domicile Home
57%
Judo Judo
57%
Karaté Karate
57%
Légende Legend
57%
Sport Sport
57%
Natation Swimming
57%
Tennis Tennis
57%
Entraînement Training
57%
Volleyball Volleyball
57%
Boxe Boxing
50%
Médaille Medal
50%
Adversaire Opponent
50%
Joueur Player
50%
Point Point
50%
Points Points
50%
Racisme Racism
50%
Arbitre Referee
50%
Rugby Rugby
50%
Temps Time
50%
Water-polo Water polo
50%
Yoga Yoga
50%
Football américain American football
43%
Attaque Attack
43%
Balle de break Break point
43%
Cyclisme Cycling
43%
Général General
43%
Golf Golf
43%
Hockey sur glace Ice hockey
43%
Saut Jump
43%
Joueur clé Key player
43%
Arts martiaux Martial arts
43%
Balle de match Match point
43%
Règle Rule
43%
Tir Shot / Shooting
43%
Ski Skiing
43%
Smash Smash
43%
Vitesse Speed
43%
Squash Squash
43%
Stade Stadium
43%
Chronomètre Stopwatch / Chronometer / Timer
43%
Stratégie Strategy
43%
Système System
43%
Tennis de table Table tennis
43%
Taekwondo Taekwondo
43%
Lancer (un ballon) Throw
43%
Transfert Transfer
43%
Accélération Acceleration
36%
Arbitre assistant Assistant referee
36%
Escalade Climbing
36%
Gymnastique Gymnastics
36%
Randonnée Hiking
36%
Lacrosse Lacrosse
36%
Let Let
36%
Match Match
36%
Pénalty Penalty
36%
Pressing Pressing
36%
Résultat Result
36%
Score Score
36%
Chaussures de sport Sports shoes / Sneakers / Trainers
36%
Surf Surfing
36%
Coéquipier Teammate
36%
Sauter To jump
36%
Gagner To win
36%
Centre d'entraînement Training center
36%
Trampoline Trampoline
36%
Ballon d'or Ballon d'Or
29%
Défenseur Defender
29%
Plongeon (sport) Diving
29%
Équipement Equipment
29%
Attaquant Forward / Striker
29%
Gardien de but Goalkeeper
29%
Ligne de but Goal line
29%
Service (Tennis) Serve
29%
Snowboard Snowboarding
29%
Triomphe Triumph
29%
Échauffement Warm-up
29%
Roue Wheel
29%
Coup de sifflet Whistle
29%
À l'extérieur Away
21%
Billard Billiards / Pool
21%
Double faute Double fault
21%
Escrime Fencing
21%
Faute Foul
21%
Fautes Fouls
21%
Coup franc Free kick
21%
Crochet (Boxe) Hook
21%
Maillot Jersey
21%
Filet (Foot) Net
21%
Passe Pass
21%
Passing shot (Tennis) Passing shot
21%
Pentathlon Pentathlon
21%
Pivot Pivot
21%
Rebond (Basket) Rebound
21%
Buteur Scorer / Striker
21%
Spectateur Spectator
21%
Spectateurs Spectators
21%
Sprinteur Sprinter
21%
Remplaçant Substitute
21%
Tacle Tackle
21%
Triathlon Triathlon
21%
Lutte Wrestling
21%
Athlétisme Athletics
14%
Banc de touche Bench
14%
Contre (Basket) Block
14%
Défenseur central Center back
14%
Contre-attaque Counterattack
14%
Fléchettes Darts
14%
Saut en hauteur High jump
14%
Saut en longueur Long jump
14%
Milieu de terrain Midfield
14%
But contre son camp Own goal
14%
Pétanque Pétanque
14%
Remplacement Substitution
14%
Temps additionnel Added time
7%
Revers Backhand
7%
Dossard Bib/Number
7%
Dégagement Clearance
7%
Esquive Dodge
7%
Match nul Draw
7%
Souplesse Flexibility
7%
Footing Jogging
7%
Vestiaires Locker room
7%
Alpinisme Mountaineering
7%
Hors-jeu Offside
7%
Équipe adverse Opposing team
7%
Parapente Paragliding
7%
Barrage Playoff
7%
Poste Position
7%
Voile Sailing
7%
Sauvetage Save
7%
Skate Skateboarding
7%
Parachutisme Skydiving
7%
Tir à trois points (Basket) Three-point shot
7%
Touche (Foot) Throw-in
7%
Jeu décisif Tiebreak
7%
Franchir To cross
7%
Couloir (Tennis) Alley
0%
Passe décisive Assist
0%
Canoë-kayak Canoeing/Kayaking
0%
Centre Center pass / Centre pass
0%
Crampons Cleats
0%
Amortie (Tennis) Drop shot
0%
Endurance Endurance racing
0%
Feinte Fake
0%
Hockey sur gazon Field hockey
0%
Patinage artistique Figure skating
0%
Lancer franc Free throw
0%
Poteau Goalpost / Post
0%
Période (1ère/2e) Half (1st/2nd)
0%
Ligne médiane Halfway line
0%
Arceau Hoop
0%
Reprise Kick-off
0%
Demi-centre Midfielder
0%
Numéro (maillot) Number (shirt)
0%
Prolongation Overtime
0%
Surface de réparation Penalty area
0%
Tirs au but Penalty shoot-out
0%
Soigneur Physiotherapist
0%
Plaque Plate
0%
Saut à la perche Pole vault
0%
Récupération Recovery
0%
Roller Roller skating
0%
Ligne de touche Sideline
0%
Tacle glissé Sliding tackle
0%
Interception Steal
0%
Tie-break Tiebreaker
0%
Marquer To score
0%
Giro Turn
0%
Vaillante Valiant
0%
Volée Volley
0%
Aucun quiz correspondant
Distribution des résultats
% des personnes avec chaque résultat
Percentile par nombre de réponses
Votre historique - résultats
Vous n’avez pas pris ce quiz depuis la dernière actualisation